000 01128nam a2200325 i 4500
001 177270
003 ES-MaACL
005 20230906220307.0
007 t|
008 110311s1971 fr abdf |||| | fre d
080 _a913(48)
100 1 _aAlexandersson, Gunnar.
_9145588
245 1 4 _aLes pays du nord /
_cpar Gunnar Alexandersson ; traduit de l'anglais par M. B. Gilbank.
250 _a1e éd.
260 _aParis :
_bPresses Universitaires de France,
_c1971.
300 _a312, [8] p. de lám. :
_bil. ;
_c19 cm.
490 1 _aMagellan. La Géographie et ses problèmes ;
_v17
500 _aÍndices.
504 _aBibliografía: p. 303-307.
651 4 _aEscandinavia-
_xGeografía.
_9145595
651 4 _aDinamarca-
_xGeografía.
_9145590
651 4 _aNoruega-
_xGeografía.
_9145592
651 4 _aSuecia-
_xGeografía.
_9145593
651 4 _aFinlandia-
_xGeografía.
_9145594
651 4 _aIslandia-
_xGeografía.
_9145596
700 1 _aGilbank, M. B.
_9145589
830 0 _aMagellan. La Géographie et ses problèmes ;
_v17
_9182333
852 _aES-MaACL
_jE-14672
_xOlim P-507
999 _c177270
_d177270